[Event "WCO2014"]
[Site "Tromso"]
[Date "2014.08.12"]
[Round "10.11"]
[WhiteID "1126423"]
[White "Stolarczyk Anna"]
[BlackID "10201734"]
[Black "Khan Nazrana"]
[Result "1-0"]
[LiveChessVersion "1.4.3"]
[BlackElo "2001"]
[WhiteElo "1994"]

1. d4 {[%clk 1:30:57]} d5 {[%clk 1:30:58]} 2. c4 {[%clk 1:31:22]} e6
{[%clk 1:31:18]} 3. Nf3 {[%clk 1:31:44]} Nf6 {[%clk 1:31:31]} 4. Nc3
{[%clk 1:32:04]} Be7 {[%clk 1:31:42]} 5. Bg5 {[%clk 1:29:32]} h6 {[%clk 1:31:15]}
6. Bh4 {[%clk 1:27:27]} O-O {[%clk 1:31:18]} 7. e3 {[%clk 1:27:37]} Ne4
{[%clk 1:31:21]} 8. Bxe7 {[%clk 1:27:58]} Qxe7 {[%clk 1:31:42]} 9. Nxe4
{[%clk 1:26:11]} dxe4 {[%clk 1:31:59]} 10. Nd2 {[%clk 1:25:45]} e5
{[%clk 1:30:18]} 11. d5 {[%clk 1:24:15]} f5 {[%clk 1:28:43]} 12. Be2
{[%clk 1:24:00]} Nd7 {[%clk 1:27:27]} 13. Qc2 {[%clk 1:11:28]} Nf6
{[%clk 1:26:50]} 14. a3 {[%clk 1:09:21]} Kh8 {[%clk 1:22:54]} 15. O-O
{[%clk 1:07:39]} c6 {[%clk 1:19:15]} 16. dxc6 {[%clk 1:07:19]} bxc6
{[%clk 1:15:36]} 17. b4 {[%clk 1:03:48]} Be6 {[%clk 1:12:06]} 18. Kh1
{[%clk 1:03:10]} Rfd8 {[%clk 1:07:44]} 19. Rfd1 {[%clk 1:00:11]} Qc7
{[%clk 0:59:18]} 20. c5 {[%clk 0:57:53]} Rab8 {[%clk 0:51:16]} 21. Bc4
{[%clk 0:56:31]} Bxc4 {[%clk 0:46:05]} 22. Nxc4 {[%clk 0:56:49]} Kh7
{[%clk 0:37:28]} 23. Qc3 {[%clk 0:52:54]} Ng4 {[%clk 0:28:39]} 24. Kg1
{[%clk 0:53:10]} Rxd1+ {[%clk 0:27:15]} 25. Rxd1 {[%clk 0:53:32]} Rd8
{[%clk 0:25:44]} 26. Rd6 {[%clk 0:53:23]} Re8 {[%clk 0:11:41]} 27. h3
{[%clk 0:53:31]} Nf6 {[%clk 0:11:06]} 28. Nxe5 {[%clk 0:52:13]} f4
{[%clk 0:07:56]} 29. exf4 {[%clk 0:51:57]} Nd5 {[%clk 0:06:46]} 30. Qd4
{[%clk 0:48:30]} Nf6 {[%clk 0:02:12]} 31. Rxc6 {[%clk 0:46:55]} Qb7
{[%clk 0:01:37]} 32. Qd6 {[%clk 0:44:35]} Qb5 {[%clk 0:01:25]} 33. Ng4
{[%clk 0:44:12]} Rd8 {[%clk 0:00:34]} 34. Nxf6+ {[%clk 0:44:07]} gxf6
{[%clk 0:00:34]} 35. Rc7+ {[%clk 0:44:19]} Kg6 {[%clk 0:00:33]} 36. Qxd8
{[%clk 0:44:27]} 1-0

[Event "WCO2014"]
[Site "Tromso"]
[Date "2014.08.12"]
[Round "10.10"]
[WhiteID "10200096"]
[White "Hamid Rani"]
[BlackID "24161276"]
[Black "Valner Shafiga"]
[Result "1-0"]
[LiveChessVersion "1.4.3"]
[BlackElo "1849"]
[WhiteElo "1995"]

1. e4 {[%clk 1:30:55]} c5 {[%clk 1:30:56]} 2. Nf3 {[%clk 1:31:12]} Nc6
{[%clk 1:31:25]} 3. d4 {[%clk 1:31:28]} cxd4 {[%clk 1:31:49]} 4. Nxd4
{[%clk 1:31:56]} d6 {[%clk 1:31:28]} 5. Nc3 {[%clk 1:31:54]} a6 {[%clk 1:31:45]}
6. Be2 {[%clk 1:31:44]} g6 {[%clk 1:31:55]} 7. O-O {[%clk 1:31:07]} Bg7
{[%clk 1:32:22]} 8. Be3 {[%clk 1:31:09]} Nf6 {[%clk 1:32:17]} 9. Kh1
{[%clk 1:30:52]} O-O {[%clk 1:32:11]} 10. f4 {[%clk 1:30:29]} e5 {[%clk 1:26:13]}
11. Nb3 {[%clk 1:28:32]} b5 {[%clk 1:23:50]} 12. Bf3 {[%clk 1:23:27]} Bb7
{[%clk 1:21:53]} 13. f5 {[%clk 1:22:41]} Qc7 {[%clk 1:20:15]} 14. g4
{[%clk 1:22:08]} b4 {[%clk 1:15:21]} 15. Ne2 {[%clk 1:12:01]} h6 {[%clk 1:10:55]}
16. Ng3 {[%clk 1:11:07]} Rac8 {[%clk 0:51:49]} 17. Rf2 {[%clk 1:09:22]} a5
{[%clk 0:49:34]} 18. a4 {[%clk 1:08:02]} Ne7 {[%clk 0:43:47]} 19. Qd2
{[%clk 1:03:09]} Kh7 {[%clk 0:41:11]} 20. g5 {[%clk 1:01:20]} hxg5
{[%clk 0:39:49]} 21. Bxg5 {[%clk 1:01:45]} gxf5 {[%clk 0:39:02]} 22. Bxf6
{[%clk 0:54:15]} Bxf6 {[%clk 0:38:28]} 23. Nh5 {[%clk 0:53:55]} Bh8
{[%clk 0:35:48]} 24. Qg5 {[%clk 0:51:47]} f6 {[%clk 0:34:27]} 25. Qh4
{[%clk 0:50:40]} Kg6 {[%clk 0:33:28]} 26. Nf4+ {[%clk 0:46:05]} exf4
{[%clk 0:31:06]} 27. Qh5+ {[%clk 0:46:26]} Kg7 {[%clk 0:31:06]} 28. Rg1+
{[%clk 0:46:49]} Ng6 {[%clk 0:31:02]} 29. Qxg6# {[%clk 0:47:12]} 1-0

[Event "WCO2014"]
[Site "Tromso"]
[Date "2014.08.12"]
[Round "10.9"]
[WhiteID "14124440"]
[White "Zarubinskaya Irina"]
[BlackID "10204482"]
[Black "Sultana Sharmin Shirin"]
[Result "0-1"]
[LiveChessVersion "1.4.3"]
[BlackElo "1984"]
[WhiteElo "1812"]

1. e4 {[%clk 1:30:54]} c5 {[%clk 1:30:57]} 2. Nf3 {[%clk 1:31:07]} e6
{[%clk 1:31:25]} 3. d4 {[%clk 1:30:12]} cxd4 {[%clk 1:31:53]} 4. Nxd4
{[%clk 1:30:22]} a6 {[%clk 1:32:19]} 5. Nc3 {[%clk 1:28:59]} Qc7 {[%clk 1:32:38]}
6. Bd3 {[%clk 1:22:02]} Nc6 {[%clk 1:32:35]} 7. Nb3 {[%clk 1:20:33]} b5
{[%clk 1:21:13]} 8. O-O {[%clk 1:16:17]} Nf6 {[%clk 1:19:38]} 9. Be3
{[%clk 1:15:10]} d6 {[%clk 1:18:15]} 10. Nd4 {[%clk 1:09:48]} Bb7
{[%clk 1:10:39]} 11. f4 {[%clk 1:07:42]} Be7 {[%clk 1:09:53]} 12. Qf3
{[%clk 1:03:21]} O-O {[%clk 0:58:30]} 13. Rae1 {[%clk 0:59:52]} Nb4
{[%clk 0:50:07]} 14. Qg3 {[%clk 0:53:59]} Nxd3 {[%clk 0:44:43]} 15. cxd3
{[%clk 0:54:20]} b4 {[%clk 0:40:27]} 16. Nd1 {[%clk 0:51:52]} Kh8
{[%clk 0:31:02]} 17. f5 {[%clk 0:49:06]} e5 {[%clk 0:28:40]} 18. Nb3
{[%clk 0:41:39]} d5 {[%clk 0:24:56]} 19. exd5 {[%clk 0:39:02]} Bxd5
{[%clk 0:23:08]} 20. Nd2 {[%clk 0:36:04]} Rfe8 {[%clk 0:19:24]} 21. b3
{[%clk 0:33:06]} Qc2 {[%clk 0:16:34]} 22. Nc4 {[%clk 0:29:16]} Bxc4
{[%clk 0:15:31]} 23. dxc4 {[%clk 0:29:27]} Qxa2 {[%clk 0:15:44]} 24. Qxe5
{[%clk 0:26:06]} Qxb3 {[%clk 0:14:20]} 25. Qf4 {[%clk 0:14:45]} Rac8
{[%clk 0:13:32]} 26. Bd4 {[%clk 0:10:19]} Qxc4 {[%clk 0:08:17]} 27. Ne3
{[%clk 0:10:17]} Qc6 {[%clk 0:07:25]} 28. Rc1 {[%clk 0:08:52]} Qe4
{[%clk 0:06:32]} 29. Rxc8 {[%clk 0:07:39]} Rxc8 {[%clk 0:06:26]} 30. Bxf6
{[%clk 0:07:04]} Qxf4 {[%clk 0:06:53]} 31. Bxg7+ {[%clk 0:07:10]} Kxg7
{[%clk 0:07:22]} 32. Rxf4 {[%clk 0:07:28]} b3 {[%clk 0:05:56]} 33. Nd5
{[%clk 0:05:49]} Rc1+ {[%clk 0:04:13]} 34. Kf2 {[%clk 0:04:58]} Bc5+
{[%clk 0:04:42]} 35. Kg3 {[%clk 0:04:52]} Bd6 {[%clk 0:05:04]} 0-1

[Event "WCO2014"]
[Site "Tromso"]
[Date "2014.08.12"]
[Round "10.16"]
[WhiteID "5018218"]
[White "Jennitha Anto K."]
[BlackID "7001800"]
[Black "Hashimoto Azumi"]
[Result "1-0"]
[LiveChessVersion "1.4.3"]
[BlackElo "1712"]
[WhiteElo "1964"]

1. e4 {[%clk 1:30:57]} e6 {[%clk 1:30:54]} 2. d4 {[%clk 1:31:17]} d5
{[%clk 1:31:16]} 3. Nd2 {[%clk 1:31:41]} c5 {[%clk 1:31:36]} 4. exd5
{[%clk 1:31:49]} Qxd5 {[%clk 1:31:56]} 5. Ngf3 {[%clk 1:31:33]} cxd4
{[%clk 1:31:56]} 6. Nb3 {[%clk 1:28:10]} Nc6 {[%clk 1:25:15]} 7. Nbxd4
{[%clk 1:27:00]} Nxd4 {[%clk 1:23:23]} 8. Qxd4 {[%clk 1:26:14]} Nf6
{[%clk 1:19:32]} 9. Be3 {[%clk 1:12:29]} Be7 {[%clk 1:16:37]} 10. Bc4
{[%clk 1:03:36]} Qxd4 {[%clk 1:12:48]} 11. Bxd4 {[%clk 1:03:30]} Bd7
{[%clk 1:12:44]} 12. Ne5 {[%clk 0:54:21]} O-O {[%clk 1:08:24]} 13. Nxd7
{[%clk 0:51:41]} Nxd7 {[%clk 1:08:26]} 14. O-O-O {[%clk 0:50:58]} Rfd8
{[%clk 1:04:38]} 15. Be3 {[%clk 0:46:22]} a6 {[%clk 1:03:03]} 16. Rd2
{[%clk 0:40:14]} Ne5 {[%clk 1:01:39]} 17. Rxd8+ {[%clk 0:37:56]} Rxd8
{[%clk 1:01:58]} 18. Be2 {[%clk 0:38:23]} f5 {[%clk 0:59:05]} 19. Rd1
{[%clk 0:34:23]} Kf7 {[%clk 0:58:04]} 20. Rxd8 {[%clk 0:32:12]} Bxd8
{[%clk 0:58:11]} 21. c4 {[%clk 0:32:24]} g5 {[%clk 0:56:32]} 22. Kc2
{[%clk 0:26:23]} g4 {[%clk 0:47:48]} 23. b4 {[%clk 0:25:27]} Bf6 {[%clk 0:44:25]}
24. b5 {[%clk 0:22:53]} axb5 {[%clk 0:41:23]} 25. cxb5 {[%clk 0:23:21]} h5
{[%clk 0:39:18]} 26. a4 {[%clk 0:19:33]} Bd8 {[%clk 0:38:00]} 27. b6
{[%clk 0:17:14]} Nc6 {[%clk 0:37:45]} 28. Kb3 {[%clk 0:15:49]} e5
{[%clk 0:33:05]} 29. Bc4+ {[%clk 0:11:57]} Ke8 {[%clk 0:30:43]} 30. Bd5
{[%clk 0:11:09]} Kd7 {[%clk 0:30:28]} 31. Bc5 {[%clk 0:10:34]} Na5+
{[%clk 0:27:01]} 32. Kb4 {[%clk 0:09:17]} Nc6+ {[%clk 0:27:18]} 33. Kb5
{[%clk 0:08:48]} Nd4+ {[%clk 0:27:12]} 34. Kc4 {[%clk 0:06:01]} Nc6
{[%clk 0:27:01]} 35. f3 {[%clk 0:04:39]} f4 {[%clk 0:22:10]} 36. Kb5
{[%clk 0:04:25]} Nd4+ {[%clk 0:21:52]} 37. Kc4 {[%clk 0:04:14]} Nc6
{[%clk 0:22:04]} 38. Kd3 {[%clk 0:04:15]} g3 {[%clk 0:16:25]} 39. h3
{[%clk 0:04:27]} Bf6 {[%clk 0:13:48]} 40. Ke4 {[%clk 0:04:26]} Bd8
{[%clk 0:13:12]} 41. Kf5 {[%clk 0:01:49]} h4 {[%clk 0:05:22]} 42. a5
{[%clk 0:24:07]} Ne7+ {[%clk 0:19:44]} 43. Bxe7 {[%clk 0:21:56]} Bxe7
{[%clk 0:19:35]} 44. Bxb7 {[%clk 0:22:11]} e4 {[%clk 0:12:05]} 45. Kxe4
{[%clk 0:22:22]} Bc5 {[%clk 0:07:50]} 46. Kd5 {[%clk 0:22:38]} Bf2
{[%clk 0:01:23]} 47. Kc4 {[%clk 0:21:45]} Kd6 {[%clk 0:00:39]} 48. Kb5
{[%clk 0:22:13]} Ke5 {[%clk 0:00:38]} 49. a6 {[%clk 0:22:30]} Bxb6
{[%clk 0:00:34]} 50. Kxb6 {[%clk 0:22:48]} Kd4 {[%clk 0:00:50]} 51. a7
{[%clk 0:21:26]} Ke3 {[%clk 0:01:11]} 52. a8=Q {[%clk 0:21:42]} Kf2
{[%clk 0:01:34]} 53. Qh8 {[%clk 0:21:50]} Kxg2 {[%clk 0:01:54]} 54. Qxh4
{[%clk 0:22:18]} Kh2 {[%clk 0:02:05]} 55. Qxf4 {[%clk 0:22:09]} Kxh3
{[%clk 0:02:23]} 56. Qg5 {[%clk 0:21:58]} Kh2 {[%clk 0:01:38]} 57. f4
{[%clk 0:22:14]} Kh3 {[%clk 0:01:34]} 58. Qh5# 1-0

[Event "WCO2014"]
[Site "Tromso"]
[Date "2014.08.12"]
[Round "10.15"]
[WhiteID "2137984"]
[White "Hoshino Karen"]
[BlackID "4121929"]
[Black "Melnik Galina"]
[Result "0-1"]
[LiveChessVersion "1.4.3"]
[BlackElo "2017"]
[WhiteElo "1738"]

1. d4 {[%clk 1:30:56]} d5 {[%clk 1:30:55]} 2. c4 {[%clk 1:31:15]} e6
{[%clk 1:31:21]} 3. Nc3 {[%clk 1:31:34]} c6 {[%clk 1:31:25]} 4. cxd5
{[%clk 1:31:53]} exd5 {[%clk 1:31:47]} 5. Nf3 {[%clk 1:31:39]} Bf5
{[%clk 1:30:49]} 6. Bf4 {[%clk 1:31:18]} Nf6 {[%clk 1:30:23]} 7. e3
{[%clk 1:31:23]} Nbd7 {[%clk 1:29:15]} 8. Bd3 {[%clk 1:31:08]} Bxd3
{[%clk 1:29:00]} 9. Qxd3 {[%clk 1:31:23]} Be7 {[%clk 1:28:35]} 10. h3
{[%clk 1:30:56]} O-O {[%clk 1:28:22]} 11. O-O {[%clk 1:31:08]} Re8
{[%clk 1:27:27]} 12. Rab1 {[%clk 1:30:01]} a5 {[%clk 1:22:35]} 13. Rfc1
{[%clk 1:25:38]} Rc8 {[%clk 1:17:25]} 14. a3 {[%clk 1:20:41]} Nf8
{[%clk 1:12:12]} 15. b4 {[%clk 1:16:21]} axb4 {[%clk 1:12:35]} 16. axb4
{[%clk 1:16:43]} Ne6 {[%clk 1:12:23]} 17. Bh2 {[%clk 1:13:37]} Bd6
{[%clk 1:10:04]} 18. Bxd6 {[%clk 1:07:19]} Qxd6 {[%clk 1:10:29]} 19. b5
{[%clk 0:58:02]} c5 {[%clk 1:09:48]} 20. dxc5 {[%clk 0:57:05]} Nxc5
{[%clk 1:09:30]} 21. Qd2 {[%clk 0:54:16]} b6 {[%clk 1:01:14]} 22. Nd4
{[%clk 0:49:07]} Nfe4 {[%clk 0:50:58]} 23. Nxe4 {[%clk 0:44:39]} dxe4
{[%clk 0:50:58]} 24. Qe2 {[%clk 0:40:53]} Ra8 {[%clk 0:48:38]} 25. Ra1
{[%clk 0:36:36]} Qd5 {[%clk 0:46:05]} 26. Qg4 {[%clk 0:32:29]} g6
{[%clk 0:42:17]} 27. Nc6 {[%clk 0:29:51]} Kg7 {[%clk 0:37:43]} 28. Rxa8
{[%clk 0:25:27]} Rxa8 {[%clk 0:38:04]} 29. Rd1 {[%clk 0:22:29]} Qb3
{[%clk 0:22:59]} 30. Nd4 Qd5 {[%clk 0:19:43]} 31. Nc6 {[%clk 0:19:39]} Qa2
{[%clk 0:18:52]} 32. Qf4 {[%clk 0:14:41]} Nd3 {[%clk 0:15:29]} 33. Qxe4
{[%clk 0:10:45]} Qxf2+ {[%clk 0:15:12]} 34. Kh1 {[%clk 0:09:29]} Nc5
{[%clk 0:15:31]} 35. Qe5+ {[%clk 0:06:51]} Kh6 {[%clk 0:13:18]} 36. Qf4+
{[%clk 0:04:58]} Qxf4 {[%clk 0:13:34]} 37. exf4 {[%clk 0:05:24]} f5
{[%clk 0:11:46]} 38. Rd6 {[%clk 0:03:23]} Ne4 {[%clk 0:10:55]} 39. Rd7
{[%clk 0:02:52]} Ra1+ {[%clk 0:09:58]} 40. Kh2 {[%clk 0:03:13]} Rb1
{[%clk 0:09:53]} 41. g4 {[%clk 0:02:08]} Rb2+ {[%clk 0:09:12]} 42. Kg1
{[%clk 0:01:58]} fxg4 {[%clk 0:08:19]} 43. hxg4 {[%clk 0:02:12]} Rxb5
{[%clk 0:05:07]} 44. Ne5 {[%clk 0:25:30]} g5 {[%clk 0:31:02]} 45. Nf7+
{[%clk 0:25:20]} Kg6 {[%clk 0:30:43]} 46. Ne5+ {[%clk 0:22:36]} Kf6
{[%clk 0:28:28]} 47. Rxh7 {[%clk 0:20:00]} gxf4 {[%clk 0:28:13]} 48. Nd3
{[%clk 0:18:57]} f3 {[%clk 0:25:15]} 49. Rh6+ {[%clk 0:17:11]} Kg7
{[%clk 0:23:00]} 50. Rc6 {[%clk 0:14:29]} Rb1+ {[%clk 0:20:36]} 51. Rc1
{[%clk 0:13:19]} Rxc1+ {[%clk 0:20:03]} 52. Nxc1 {[%clk 0:13:46]} Kf6
{[%clk 0:20:24]} 53. Nd3 {[%clk 0:09:41]} Kg5 {[%clk 0:20:10]} 54. Kf1
{[%clk 0:08:39]} Kxg4 {[%clk 0:20:08]} 55. Ne5+ {[%clk 0:08:33]} Kf4
{[%clk 0:18:16]} 56. Nc4 {[%clk 0:08:33]} Ng3+ {[%clk 0:18:23]} 57. Kf2
{[%clk 0:08:25]} Ne4+ {[%clk 0:17:43]} 58. Kf1 {[%clk 0:08:14]} b5
{[%clk 0:17:53]} 59. Nb2 {[%clk 0:08:21]} Kg3 {[%clk 0:16:57]} 60. Nd3
{[%clk 0:08:12]} Nd2+ {[%clk 0:13:40]} 61. Ke1 {[%clk 0:08:01]} Nc4
{[%clk 0:13:41]} 62. Kd1 {[%clk 0:06:46]} Kg2 {[%clk 0:13:03]} 63. Ke1
{[%clk 0:06:36]} Kg1 {[%clk 0:12:15]} 64. Nf2 {[%clk 0:06:26]} b4
{[%clk 0:11:57]} 65. Nh3+ {[%clk 0:06:24]} Kh2 {[%clk 0:11:26]} 66. Nf4
{[%clk 0:06:20]} b3 {[%clk 0:10:45]} 67. Nd3 {[%clk 0:06:17]} Kg1
{[%clk 0:10:30]} 68. Kd1 {[%clk 0:06:16]} f2 {[%clk 0:10:21]} 69. Nxf2
{[%clk 0:05:52]} Kxf2 {[%clk 0:10:49]} 70. Kc1 {[%clk 0:06:16]} Ke2
{[%clk 0:10:59]} 71. Kb1 {[%clk 0:06:42]} Kd2 {[%clk 0:10:46]} 72. Ka1
{[%clk 0:07:09]} Kc3 {[%clk 0:10:41]} 73. Kb1 {[%clk 0:07:28]} b2
{[%clk 0:09:17]} 74. Ka2 {[%clk 0:07:49]} Nd2 {[%clk 0:08:49]} 75. Ka3
{[%clk 0:08:04]} b1=Q {[%clk 0:09:01]} 0-1

[Event "WCO2014"]
[Site "Tromso"]
[Date "2014.08.12"]
[Round "10.13"]
[WhiteID "7000103"]
[White "Hasegawa Emi"]
[BlackID "14924242"]
[Black "Konkolova Nikola"]
[Result "1/2-1/2"]
[LiveChessVersion "1.4.3"]
[BlackElo "1481"]
[WhiteElo "1698"]

1. d4 {[%clk 1:30:57]} d5 {[%clk 1:30:42]} 2. c4 {[%clk 1:31:17]} e6
{[%clk 1:30:41]} 3. Nc3 {[%clk 1:31:35]} Nf6 {[%clk 1:30:43]} 4. cxd5
{[%clk 1:31:53]} exd5 {[%clk 1:30:52]} 5. Bg5 {[%clk 1:32:11]} c6
{[%clk 1:30:52]} 6. e3 {[%clk 1:32:25]} Qb6 {[%clk 1:30:11]} 7. Qc2
{[%clk 1:30:49]} Ne4 {[%clk 1:25:53]} 8. Nxe4 {[%clk 1:30:17]} dxe4
{[%clk 1:26:11]} 9. Qxe4+ {[%clk 1:29:50]} Be6 {[%clk 1:26:32]} 10. O-O-O
{[%clk 1:19:58]} Qa5 {[%clk 1:26:07]} 11. Nf3 {[%clk 1:18:59]} Qxa2
{[%clk 1:25:25]} 12. Qb1 {[%clk 1:17:57]} Qxb1+ {[%clk 1:20:09]} 13. Kxb1
{[%clk 1:18:17]} a5 {[%clk 1:19:47]} 14. Bd3 {[%clk 1:18:00]} a4 {[%clk 1:19:17]}
15. e4 {[%clk 1:11:45]} f6 {[%clk 1:14:23]} 16. Bd2 {[%clk 1:11:02]} a3
{[%clk 1:12:46]} 17. Bc3 {[%clk 1:03:17]} Bb3 {[%clk 1:09:05]} 18. Rde1
{[%clk 1:01:54]} a2+ {[%clk 1:08:09]} 19. Ka1 {[%clk 1:02:00]} Na6
{[%clk 1:05:39]} 20. e5 {[%clk 1:01:42]} Kf7 {[%clk 1:04:42]} 21. exf6
{[%clk 1:00:30]} gxf6 {[%clk 1:04:42]} 22. Re2 {[%clk 1:00:06]} Nb4
{[%clk 1:02:42]} 23. Bf5 {[%clk 0:59:02]} Bd6 {[%clk 0:58:31]} 24. Rhe1
{[%clk 0:56:00]} Ra5 {[%clk 0:55:55]} 25. Be4 {[%clk 0:54:17]} Re8
{[%clk 0:53:03]} 26. Bxh7 {[%clk 0:53:29]} Rxe2 {[%clk 0:50:30]} 27. Rxe2
{[%clk 0:53:45]} f5 {[%clk 0:49:28]} 28. Bxb4 {[%clk 0:51:47]} Bxb4
{[%clk 0:49:44]} 29. Ne5+ {[%clk 0:51:30]} Kf6 {[%clk 0:49:30]} 30. g4
{[%clk 0:46:09]} c5 {[%clk 0:47:43]} 31. Nd7+ {[%clk 0:45:02]} Kg5
{[%clk 0:47:12]} 32. dxc5 {[%clk 0:43:45]} fxg4 {[%clk 0:45:53]} 33. Re5+
{[%clk 0:41:57]} Kh4 {[%clk 0:45:31]} 34. Bg6 {[%clk 0:40:28]} Kh3
{[%clk 0:44:51]} 35. Re3+ {[%clk 0:34:58]} Kxh2 {[%clk 0:44:48]} 36. Rxb3
{[%clk 0:34:58]} Ra4 {[%clk 0:44:58]} 37. Rg3 {[%clk 0:33:41]} Bd2
{[%clk 0:44:38]} 38. Nf6 {[%clk 0:31:38]} Bc1 {[%clk 0:44:34]} 39. Nxg4+
{[%clk 0:31:42]} Kh1 {[%clk 0:44:15]} 40. Ne3 {[%clk 0:20:32]} Bxb2+
{[%clk 0:43:58]} 41. Kxb2 {[%clk 0:19:22]} a1=Q+ {[%clk 0:44:15]} 42. Kc2
{[%clk 0:19:18]} Qa2+ {[%clk 0:40:59]} 43. Kd3 {[%clk 0:18:56]} Qb3+
{[%clk 0:36:30]} 44. Ke2 {[%clk 0:18:38]} Qb2+ {[%clk 0:36:24]} 45. Kf3
{[%clk 0:18:13]} Qf6+ {[%clk 0:35:36]} 46. Ke2 {[%clk 0:14:32]} Ra2+
{[%clk 0:35:00]} 47. Kd3 {[%clk 0:14:03]} Qa6+ {[%clk 0:31:42]} 48. Kd4
{[%clk 0:12:49]} Qa4+ {[%clk 0:21:43]} 49. Kd3 {[%clk 0:11:33]} Qb5+
{[%clk 0:17:59]} 50. Kd4 {[%clk 0:08:50]} Ra4+ {[%clk 0:17:48]} 51. Kd5
{[%clk 0:07:56]} Qc6+ {[%clk 0:17:40]} 52. Ke5 {[%clk 0:07:56]} Qxc5+
{[%clk 0:17:37]} 53. Kf6 {[%clk 0:07:03]} Ra6+ {[%clk 0:16:44]} 54. Kg7
{[%clk 0:07:01]} Qc7+ {[%clk 0:12:57]} 55. Kh6 {[%clk 0:06:41]} Qf4+
{[%clk 0:08:31]} 56. Kg7 {[%clk 0:05:01]} Qxf2 {[%clk 0:02:37]} 57. Be4+
{[%clk 0:03:38]} Kh2 {[%clk 0:02:33]} 58. Rg2+ {[%clk 0:03:24]} Qxg2+
{[%clk 0:02:31]} 59. Bxg2 {[%clk 0:03:25]} Ra3 {[%clk 0:02:07]} 60. Bxb7
{[%clk 0:02:21]} Rxe3 {[%clk 0:02:06]} 61. Kf6 {[%clk 0:02:19]} Rb3
{[%clk 0:00:49]} 62. Bc8 {[%clk 0:02:17]} Rb5 {[%clk 0:31:00]} 63. Bd7
{[%clk 0:33:07]} Ra5 {[%clk 0:31:09]} 64. Bf5 {[%clk 0:32:30]} Kg3
{[%clk 0:30:46]} 65. Bc2 {[%clk 0:32:07]} Kg4 {[%clk 0:30:21]} 66. Ke6
{[%clk 0:31:53]} Kf4 {[%clk 0:29:44]} 67. Bd3 {[%clk 0:31:14]} Ke3
{[%clk 0:28:41]} 68. Bc4 {[%clk 0:30:54]} Kd4 {[%clk 0:28:56]} 69. Bb3
{[%clk 0:30:05]} Ra6+ {[%clk 0:28:46]} 70. Kf5 {[%clk 0:30:06]} Ke3
{[%clk 0:27:52]} 71. Ke5 {[%clk 0:29:49]} Ra5+ {[%clk 0:27:51]} 72. Kd6
{[%clk 0:28:44]} Ra3 {[%clk 0:27:26]} 73. Bg8 {[%clk 0:28:27]} Ra6+
{[%clk 0:27:18]} 74. Ke5 {[%clk 0:28:26]} Ra5+ {[%clk 0:26:08]} 75. Kd6
{[%clk 0:28:21]} Ra6+ {[%clk 0:26:28]} 76. Ke5 {[%clk 0:28:41]} Ra5+
{[%clk 0:26:52]} 77. Kd6 {[%clk 0:28:53]} Ra6+ {[%clk 0:27:17]} 1/2-1/2

[Event "WCO2014"]
[Site "Tromso"]
[Date "2014.08.12"]
[Round "10.37"]
[WhiteID "7500114"]
[White "Diaz Maria M.A."]
[BlackID "7301057"]
[Black "Sotomayor Silvia"]
[Result "1-0"]
[LiveChessVersion "1.4.3"]
[BlackElo "1943"]
[WhiteElo "2029"]

1. d4 {[%clk 1:30:56]} Nf6 {[%clk 1:30:49]} 2. c4 {[%clk 1:31:22]} g6
{[%clk 1:31:13]} 3. Nc3 {[%clk 1:31:46]} Bg7 {[%clk 1:31:20]} 4. e4
{[%clk 1:32:06]} d6 {[%clk 1:31:45]} 5. Nf3 {[%clk 1:31:12]} Nbd7
{[%clk 1:32:02]} 6. Be2 {[%clk 1:31:19]} O-O {[%clk 1:32:22]} 7. h3
{[%clk 1:28:26]} e5 {[%clk 1:32:16]} 8. Be3 {[%clk 1:27:18]} c6 {[%clk 1:29:57]}
9. Qd2 {[%clk 1:26:48]} Re8 {[%clk 1:29:13]} 10. dxe5 {[%clk 1:26:45]} dxe5
{[%clk 1:27:43]} 11. O-O {[%clk 1:25:22]} Qc7 {[%clk 1:20:48]} 12. Rfd1
{[%clk 1:24:25]} Nh5 {[%clk 1:15:49]} 13. a3 {[%clk 1:15:57]} Nf4
{[%clk 1:14:59]} 14. Bf1 {[%clk 1:16:14]} Bf8 {[%clk 0:59:51]} 15. b4
{[%clk 1:15:56]} Nf6 {[%clk 0:51:59]} 16. Bxf4 {[%clk 1:02:15]} exf4
{[%clk 0:52:13]} 17. e5 {[%clk 1:02:34]} Nh5 {[%clk 0:44:15]} 18. Ne4
{[%clk 0:59:37]} Bf5 {[%clk 0:37:42]} 19. Nd6 {[%clk 0:59:36]} Red8
{[%clk 0:38:10]} 20. c5 {[%clk 0:59:44]} Qe7 {[%clk 0:31:06]} 21. Be2
{[%clk 0:58:01]} Be4 {[%clk 0:23:54]} 22. Qd4 {[%clk 0:50:51]} Bd5
{[%clk 0:13:43]} 23. Re1 {[%clk 0:45:02]} Bg7 {[%clk 0:12:07]} 24. Rac1
{[%clk 0:43:53]} Rab8 {[%clk 0:08:56]} 25. Rc3 {[%clk 0:40:12]} f6
{[%clk 0:06:22]} 26. Bc4 {[%clk 0:40:02]} Bxc4 {[%clk 0:02:16]} 27. Qxc4+
{[%clk 0:39:52]} Kf8 {[%clk 0:02:31]} 28. exf6 {[%clk 0:37:06]} Qxf6
{[%clk 0:02:59]} 29. Ng5 {[%clk 0:37:24]} 1-0

[Event "WCO2014"]
[Site "Tromso"]
[Date "2014.08.12"]
[Round "10.38"]
[WhiteID "7300115"]
[White "Mazariegos Silvia Carolina"]
[BlackID "3902773"]
[Black "Mena Ailen Oriana"]
[Result "0-1"]
[LiveChessVersion "1.4.3"]
[BlackElo "1681"]
[WhiteElo "2017"]

1. d4 {[%clk 1:30:57]} d5 {[%clk 1:30:40]} 2. Nf3 {[%clk 1:31:21]} Nf6
{[%clk 1:30:04]} 3. Bf4 {[%clk 1:31:46]} e6 {[%clk 1:28:59]} 4. e3
{[%clk 1:32:09]} c5 {[%clk 1:28:23]} 5. Bd3 {[%clk 1:32:02]} c4 {[%clk 1:25:04]}
6. Be2 {[%clk 1:32:27]} Qb6 {[%clk 1:24:34]} 7. Qc1 {[%clk 1:32:26]} Nc6
{[%clk 1:22:49]} 8. Nbd2 {[%clk 1:30:11]} Be7 {[%clk 1:22:20]} 9. c3
{[%clk 1:30:21]} O-O {[%clk 1:21:06]} 10. h3 {[%clk 1:25:50]} Qd8
{[%clk 1:17:39]} 11. g4 {[%clk 1:19:04]} Bd6 {[%clk 1:14:31]} 12. Bxd6
{[%clk 1:01:29]} Qxd6 {[%clk 1:14:46]} 13. b3 {[%clk 1:01:43]} cxb3
{[%clk 1:14:25]} 14. axb3 {[%clk 1:02:02]} b6 {[%clk 1:12:55]} 15. Bd3
{[%clk 0:58:44]} e5 {[%clk 1:10:49]} 16. Bb5 {[%clk 0:49:44]} e4 {[%clk 1:06:29]}
17. Ng1 {[%clk 0:47:34]} a6 {[%clk 1:04:55]} 18. Be2 {[%clk 0:47:27]} h6
{[%clk 1:03:28]} 19. Nf1 {[%clk 0:46:52]} a5 {[%clk 0:58:15]} 20. Ng3
{[%clk 0:45:53]} Ne7 {[%clk 0:57:33]} 21. Qd1 {[%clk 0:43:34]} Ba6
{[%clk 0:52:21]} 22. Bxa6 {[%clk 0:42:02]} Rxa6 {[%clk 0:52:32]} 23. h4
{[%clk 0:42:23]} g5 {[%clk 0:46:51]} 24. Qe2 {[%clk 0:34:59]} Raa8
{[%clk 0:46:14]} 25. hxg5 {[%clk 0:27:22]} hxg5 {[%clk 0:46:17]} 26. Nh3
{[%clk 0:27:43]} Nh7 {[%clk 0:45:59]} 27. f4 {[%clk 0:26:10]} exf3
{[%clk 0:37:01]} 28. Qxf3 {[%clk 0:26:32]} Kg7 {[%clk 0:35:46]} 29. Nf5+
{[%clk 0:16:48]} Nxf5 {[%clk 0:35:49]} 30. Qxf5 {[%clk 0:17:01]} f6
{[%clk 0:30:50]} 31. Nf4 {[%clk 0:13:30]} Rh8 {[%clk 0:25:53]} 32. Ne6+
{[%clk 0:09:43]} Kf7 {[%clk 0:25:27]} 33. Rxh7+ {[%clk 0:09:30]} Rxh7
{[%clk 0:24:54]} 34. Nxg5+ {[%clk 0:09:37]} Kf8 {[%clk 0:22:51]} 35. Qxh7
{[%clk 0:04:01]} Qg3+ {[%clk 0:16:26]} 0-1